Detalles MARC
| 000 -LEADER |
| fixed length control field |
01661nam a2200325 a 4500 |
| 001 - CONTROL NUMBER |
| control field |
|
| 003 - CONTROL NUMBER IDENTIFIER |
| control field |
DO-SdBNP |
| 005 - DATE AND TIME OF LATEST TRANSACTION |
| control field |
20211104125720.0 |
| 008 - FIXED-LENGTH DATA ELEMENTS--GENERAL INFORMATION |
| fixed length control field |
101006s2009 dr 001 0 spa d |
| 020 ## - INTERNATIONAL STANDARD BOOK NUMBER |
| International Standard Book Number |
9789945020779 |
| 040 ## - CATALOGING SOURCE |
| Original cataloging agency |
DO-SdBNP |
| Language of cataloging |
spa |
| Transcribing agency |
BPMSU |
| 082 ## - DEWEY DECIMAL CLASSIFICATION NUMBER |
| Classification number |
306.2980 |
| Item number |
J61L 2009 |
| Edition number |
22 |
| 100 1# - MAIN ENTRY--PERSONAL NAME |
| Personal name |
Jimenes Grullón, Juan Isidro, |
| Dates associated with a name |
1903-1983 |
| 245 10 - TITLE STATEMENT |
| Title |
Luchemos por nuestra América : |
| Remainder of title |
ideas y doctrinas políticas contemporáneas / |
| Statement of responsibility, etc. |
Juan Isidro Jiménez Grullón. |
| 260 ## - PUBLICATION, DISTRIBUTION, ETC. (IMPRINT) |
| Place of publication, distribution, etc. |
Santo Domingo : |
| Name of publisher, distributor, etc. |
Archivo General de la Nación, |
| Date of publication, distribution, etc. |
2009. |
| 300 ## - PHYSICAL DESCRIPTION |
| Extent |
311 p. ; |
| Dimensions |
23 cm. |
| 490 0# - SERIES STATEMENT |
| Series statement |
Archivo General de la Nación |
| Volume/sequential designation |
90 |
| 500 ## - GENERAL NOTE |
| General note |
Incluye datos biográficos del autor en la solapa de la cubierta. |
| 504 ## - BIBLIOGRAPHY, ETC. NOTE |
| Bibliography, etc |
Bibliografía: p. 303-306. |
| 505 2# - FORMATTED CONTENTS NOTE |
| Miscellaneous information |
Prefacio -- |
| -- |
Prólogo -- |
| Title |
Luchemos por nuestra América: |
| -- |
Trascendencia de Bolívar -- |
| -- |
Labor de las sociedades culturales en relación con el porvenir de nuestra América -- |
| -- |
De la juventud latinoamericana. A los jóvenes del continente -- |
| -- |
Culturas occidentales y cultura hispanoamericana autóctona -- |
| -- |
Ideas y doctrinas políticas contemporáneas: |
| -- |
La democracia -- |
| -- |
El socialismo -- |
| -- |
El comunismo -- |
| -- |
Fascismo y nazismo -- |
| -- |
Bases ideológicas de la revolución mexicana -- |
| -- |
El aprismo -- |
| Miscellaneous information |
Bibliografía -- |
| -- |
Índice onomástico. |
| 590 ## - LOCAL NOTE (RLIN) |
| Local note |
Inventariado, 2018/MFF |
| 650 #4 - SUBJECT ADDED ENTRY--TOPICAL TERM |
| Topical term or geographic name as entry element |
Sociología política |
| 650 #4 - SUBJECT ADDED ENTRY--TOPICAL TERM |
| Topical term or geographic name as entry element |
Participación política |
| 650 #4 - SUBJECT ADDED ENTRY--TOPICAL TERM |
| Topical term or geographic name as entry element |
Ciencias políticas |
| 650 #4 - SUBJECT ADDED ENTRY--TOPICAL TERM |
| Topical term or geographic name as entry element |
Sistemas económicos |
| 651 #4 - SUBJECT ADDED ENTRY--GEOGRAPHIC NAME |
| Geographic name |
América Latina |
| General subdivision |
Política Y Gobierno |
| 710 2# - ADDED ENTRY--CORPORATE NAME |
| Corporate name or jurisdiction name as entry element |
Archivo General de la Nación (República Dominicana) |
| 910 ## - USER-OPTION DATA (OCLC) |
| User-option data |
VMateo V. |
| 942 ## - ADDED ENTRY ELEMENTS (KOHA) |
| Source of classification or shelving scheme |
Dewey Decimal Classification |
| Koha item type |
Libros |